Complete systems analysis (Record no. 182614)

MARC details
000 -LEADER
fixed length control field 00366nam a2200145Ia 4500
008 - FIXED-LENGTH DATA ELEMENTS--GENERAL INFORMATION
fixed length control field 231217s9999 xx 000 0 und d
020 ## - INTERNATIONAL STANDARD BOOK NUMBER
International Standard Book Number 932633250
041 ## - LANGUAGE CODE
Language code of text/sound track or separate title English
082 ## - DEWEY DECIMAL CLASSIFICATION NUMBER
Classification number 004.21 JAM;1 R
100 ## - MAIN ENTRY--PERSONAL NAME
Personal name James. Robertson, Suzanne.
245 #0 - TITLE STATEMENT
Title Complete systems analysis
260 ## - PUBLICATION, DISTRIBUTION, ETC.
Date of publication, distribution, etc. 1994
Name of publisher, distributor, etc. Dosset House
Place of publication, distribution, etc. New York
300 ## - PHYSICAL DESCRIPTION
Extent xii+298
942 ## - ADDED ENTRY ELEMENTS (KOHA)
Koha item type Books
Holdings
Date last seen Total checkouts Full call number Accession number Price effective from Category Lost status Damaged status Department Withdrawn status Home library Current library Shelving location Entry date Vendor Grants Billdate Currency symbol Conversion rate Discount Old discount
26/01/2024   004.21 JAM;1 R 53371 26/01/2024 Books     Central Library   Central Library Central Library Library Annex 12/03/2009 Publisher DONATED 18/08/2012 RS 1    

© For any Suggestions or Query, please contact the library staff @ librarian@pes.edu or Phone: +9180 2672 1983/ 2108.